| 000 | 01143nam a2200253Ia 4500 | ||
|---|---|---|---|
| 003 | Ost | ||
| 005 | 20260416102352.0 | ||
| 008 | 260416s9999||||xx |||||||||||||| ||und|| | ||
| 040 | _cfsecg | ||
| 041 | _aara | ||
| 082 | _a519.7 | ||
| 100 |
_aبوعراب، رابح _eمؤلف |
||
| 245 | 0 |
_aدروس وتمارين تطبيقية في مقياس البرمجة المعمقة / _c رابح بوعراب |
|
| 260 |
_aالجزائر _bجامعة الجزائر3: كلية العلوم الإقتصادية، العلوم التجارية وعلوم التسيير _c2017 |
||
| 300 |
_a95 ورقة _bايضاحات _c30 سم |
||
| 504 | _aمراجع ص.95 | ||
| 520 | _aمبادئ أساسية للبرمجة الخطية، برمجة الأعداد الصحيحة، البرمجة غير الخطية | ||
| 653 | _aالبرمجة | ||
| 653 | _aالبرمجة الخطية | ||
| 653 | _aالبرمجة اللاخطية | ||
| 653 | _aالرياضيات | ||
| 710 |
_aجامعة الجزائر3: كلية العلوم الإقتصادية، العلوم التجارية وعلوم التسيير _eناشر علمي |
||
| 942 | _cHANDOUT | ||
| 999 |
_c41068 _d41068 |
||